Realizačný projekt delenej areálovej kanalizácie
Salvato in:
| Autore principale: | |
|---|---|
| Altri autori: | |
| Natura: | Manoscritto Libro |
| Lingua: | slovacco |
| Pubblicazione: |
2016
|
| Soggetti: | |
| Accesso online: | http://is.stuba.sk/zp/portal_zp.pl?podrobnosti=119025 https://opac.crzp.sk/?fn=detailBiblioForm&sid=41728D440EB1EF629616148922FE |
| Tags: |
Nessun Tag, puoi essere il primo ad aggiungerne!!
|
MARC
| LEADER | 00000ntm a22000003a 4500 | ||
|---|---|---|---|
| 001 | stuzp56668 | ||
| 003 | SK-STU | ||
| 005 | 20230824133609.1 | ||
| 007 | ta | ||
| 008 | 150427s2015----xo-----f-mn---000-0-slo-d | ||
| 040 | |a STU |b slo | ||
| 041 | 0 | |a slo | |
| 100 | 1 | |a Červenec, Ondrej |u 010290 |4 aut |U SvF Stavebná fakulta |T SvF Katedra technických zariadení budov |X 66797 |U V290 |Y 31 |7 A000066797 | |
| 242 | 0 | 1 | |a Implementation project of divided sewage system in the complex |y eng |
| 245 | 1 | 0 | |a Realizačný projekt delenej areálovej kanalizácie |
| 260 | |c 2016 | ||
| 650 | 4 | |a zrážková voda |2 slo | |
| 650 | 4 | |a areálová kanalizácia |2 slo | |
| 650 | 4 | |a splašková voda |2 slo | |
| 650 | 4 | |a realizačný projekt |2 slo | |
| 650 | 4 | |a complex sewage system |2 eng | |
| 650 | 4 | |a project for realization |2 eng | |
| 650 | 4 | |a stormwater |2 eng | |
| 650 | 4 | |a wastewater |2 eng | |
| 700 | 1 | |a Tonhauzer, Ivan |u 010290 |k Z8 |4 ths |U SvF Stavebná fakulta |T SvF Katedra technických zariadení budov |X 2733 |U V290 |Y 31 |7 A000002733 | |
| 856 | 4 | |u http://is.stuba.sk/zp/portal_zp.pl?podrobnosti=119025 | |
| 856 | 4 | |u https://opac.crzp.sk/?fn=detailBiblioForm&sid=41728D440EB1EF629616148922FE | |
| SQL | |a stuzp56668 |b DDP |c SLO |d Realizačný projekt delenej areálovej kanalizácie |e 66797 |f Červenec, Ondrej |g 010290 |h 2733 |i Tonhauzer, Ivan |j 20160614 |k 24 |l 01 |m http://is.stuba.sk/zp/portal_zp.pl?podrobnosti=119025 |n I-TZB |o 5.1.4. pozemné stavby | ||